[Event "XXX Festival A"]
[Site "Arco ITA"]
[Date "2008.10.19"]
[Round "2"]
[White "Drazic, Sinisa"]
[Black "Bernardi, Ruben"]
[Result "1/2-1/2"]
[WhiteElo "2528"]
[BlackElo "2154"]
[PlyCount "226"]
[EventDate "2008.10.18"]

1. d4 d5 2. c4 c6 3. Nc3 Nf6 4. e3 a6 5. Qc2 g6 6. Nf3 Bf5 7. Bd3 Bxd3 8. Qxd3
Bg7 9. O-O b5 10. b3 O-O 11. Bd2 Re8 12. Rfc1 dxc4 13. bxc4 e5 14. Qc2 exd4 15.
exd4 c5 16. dxc5 bxc4 17. Rab1 Nc6 18. Na4 Ne4 19. Rd1 Nxd2 20. Rxd2 Qa5 21.
Qxc4 Ne5 22. Qc2 Rac8 23. Rbd1 Bh6 24. Rd5 Nc6 25. Nb6 Nb4 26. Qb3 Nxd5 27.
Nxc8 Rxc8 28. Qxd5 Qxc5 29. Qe4 Bg7 30. h4 Bf6 31. Qb7 Qc6 32. Qa7 Qa4 33. Qd7
Qxd7 34. Rxd7 Rc6 35. g3 Kg7 36. Kg2 Rc2 37. Nd2 Rxa2 38. Ne4 a5 39. Nd6 Bd4
40. Rxf7+ Kg8 41. Rf3 a4 42. Nb5 Bg7 43. Nc7 Rc2 44. Nd5 Bd4 45. h5 a3 46. Rxa3
Rxf2+ 47. Kh3 gxh5 48. Nf4 Kf7 49. Ra5 Rc2 50. Rxh5 Kg8 51. Rg5+ Kf8 52. Rf5+
Ke7 53. Rh5 Kf6 54. g4 Ba7 55. Rf5+ Kg7 56. Rg5+ Kf6 57. Rf5+ Kg7 58. g5 Rc6
59. Kg4 Bb8 60. Nd5 Rc4+ 61. Kf3 Ra4 62. Rf6 Ra7 63. Rc6 Rf7+ 64. Kg4 Ba7 65.
Nf4 Rd7 66. Nh5+ Kf7 67. Nf6 Rb7 68. Nxh7 Be3 69. g6+ Kg7 70. Kf5 Bd4 71. Ng5
Rb5+ 72. Kg4 Bf6 73. Ne4 Be7 74. Re6 Rb7 75. Ng3 Rb4+ 76. Kf3 Bf6 77. Ne4 Bd8
78. Nd6 Bf6 79. Ne4 Bd8 80. Ke3 Rb6 81. Nd6 Rb3+ 82. Ke4 Bf6 83. Ne8+ Kxg6 84.
Nxf6 Rb1 85. Nd5+ Kg5 86. Re5+ Kg6 87. Nf4+ Kf6 88. Re6+ Kf7 89. Ra6 Rb7 90.
Ke5 Rb5+ 91. Nd5 Rb1 92. Ra7+ Kg6 93. Nf4+ Kh6 94. Ra6+ Kh7 95. Kf6 Rf1 96.
Ra7+ Kh6 97. Kf5 Rb1 98. Ra5 Rf1 99. Rb5 Rf2 100. Rb6+ Kg7 101. Kg5 Rf1 102.
Rb7+ Kg8 103. Ra7 Rf2 104. Ne6 Rg2+ 105. Kf6 Rf2+ 106. Kg6 Rg2+ 107. Ng5 Kf8
108. Kf5 Rf2+ 109. Ke5 Re2+ 110. Ne4 Re1 111. Kf5 Rf1+ 112. Ke6 Re1 113. Ra4
Kg7 1/2-1/2

[Event "XXX Festival A"]
[Site "Arco ITA"]
[Date "2008.10.19"]
[Round "2"]
[White "Facchetti, Gianni"]
[Black "Buglisi, Massimo"]
[Result "1-0"]
[WhiteElo "2154"]
[BlackElo "1969"]
[PlyCount "87"]
[EventDate "2008.10.18"]

1. e4 c5 2. Nf3 Nc6 3. Bb5 g6 4. Qe2 Bg7 5. e5 Qc7 6. Bxc6 Qxc6 7. O-O Nh6 8.
d3 O-O 9. Bf4 Nf5 10. c3 b6 11. Nbd2 d5 12. d4 a5 13. Rfe1 Ba6 14. Qd1 Bd3 15.
Nb3 Bc4 16. Qd2 h5 17. Nc1 Rfc8 18. Ne2 Bxe2 19. Rxe2 cxd4 20. Nxd4 Nxd4 21.
Qxd4 e6 22. Qe3 Qc4 23. Rd2 b5 24. Rd4 Qc5 25. g4 hxg4 26. a3 Kh7 27. Qg3 Rh8
28. Qxg4 Kg8 29. Re1 b4 30. axb4 axb4 31. Rxb4 Rh5 32. Bg3 Qe7 33. Qd4 f6 34.
exf6 Bxf6 35. Qg4 Kf7 36. Rb6 Re8 37. Qe2 e5 38. Qb5 Qd8 39. Rb7+ Re7 40. Ra1
Rxb7 41. Qxb7+ Ke6 42. Qc6+ Qd6 43. Qc8+ Qd7 44. Ra6+ 1-0

[Event "XXX Festival A"]
[Site "Arco ITA"]
[Date "2008.10.19"]
[Round "2"]
[White "Ferrari, Michele"]
[Black "Schaberg, Wolfgang"]
[Result "0-1"]
[WhiteElo "1825"]
[BlackElo "1932"]
[PlyCount "76"]
[EventDate "2008.10.18"]

1. d4 Nf6 2. Bg5 Ne4 3. Bf4 d5 4. f3 Nf6 5. Bg5 Bf5 6. e3 c6 7. Nd2 Nbd7 8. c4
e6 9. Qb3 Qc7 10. Rc1 Bd6 11. Ne2 O-O 12. c5 Be7 13. Ng3 Rfe8 14. Bf4 Qc8 15.
Nxf5 exf5 16. Bd3 Nh5 17. O-O Nxf4 18. exf4 Bf6 19. Bxf5 Bxd4+ 20. Kh1 Qc7 21.
Bxh7+ Kh8 22. Bb1 Qxf4 23. Qd3 g6 24. Nb3 Be5 25. g3 Qh6 26. f4 Bxb2 27. Rc2
Bg7 28. Re2 Nf6 29. Rfe1 Rxe2 30. Rxe2 Ne4 31. Na5 Qh3 32. Qf3 f5 33. Rg2 Re8
34. Bxe4 fxe4 35. Qe2 Qd7 36. g4 e3 37. Rg3 Bd4 38. Rh3+ Kg8 0-1

[Event "XXX Festival A"]
[Site "Arco ITA"]
[Date "2008.10.19"]
[Round "2"]
[White "Giaracuni, Claudio"]
[Black "Carola, Paolo"]
[Result "0-1"]
[WhiteElo "1780"]
[BlackElo "1899"]
[PlyCount "98"]
[EventDate "2008.10.18"]

1. c4 c6 2. Nc3 d5 3. cxd5 cxd5 4. Nf3 d4 5. Qa4+ Nc6 6. Nb5 d3 7. exd3 Nf6 8.
Ne5 e6 9. Be2 Bc5 10. Nxc6 bxc6 11. Bf3 Bd7 12. Nd4 Qb6 13. Nc2 Bxf2+ 14. Ke2
Rd8 15. Ne3 c5 16. Qb3 Qxb3 17. axb3 Bxe3 18. dxe3 Bb5 19. Rxa7 Bxd3+ 20. Kf2
O-O 21. Rc7 Rb8 22. Rxc5 Rxb3 23. Rc3 Rxc3 24. bxc3 Rc8 25. Bb2 h6 26. Rd1 Be4
27. c4 Rxc4 28. Rd8+ Kh7 29. Bxf6 gxf6 30. Bxe4+ Rxe4 31. Kf3 f5 32. Re8 Kg7
33. g3 h5 34. h4 Rg4 35. Kf2 Re4 36. Kf3 e5 37. Kf2 f6 38. Kf3 Rg4 39. Re7+ Kg6
40. Re6 Kg7 41. Re7+ Kh6 42. Re8 f4 43. exf4 exf4 44. Rh8+ Kg6 45. Rg8+ Kf5 46.
Rxg4 hxg4+ 47. Kf2 Ke4 48. Kg2 fxg3 49. Kxg3 f5 0-1

[Event "XXX Festival A"]
[Site "Arco ITA"]
[Date "2008.10.19"]
[Round "2"]
[White "Jensen, Leif"]
[Black "De Eccher, Stefano"]
[Result "0-1"]
[WhiteElo "2036"]
[BlackElo "2263"]
[PlyCount "80"]
[EventDate "2008.10.18"]

1. e4 c5 2. g3 Nc6 3. Bg2 g6 4. d3 Bg7 5. c3 d6 6. f4 e5 7. Nf3 Nge7 8. O-O O-O
9. Be3 b6 10. Re1 exf4 11. Bxf4 d5 12. Nbd2 d4 13. c4 h6 14. Nf1 Be6 15. a3 Qd7
16. Rb1 a5 17. h4 f6 18. Bd2 g5 19. b4 axb4 20. axb4 Ng6 21. bxc5 bxc5 22. Rb5
Qd6 23. hxg5 fxg5 24. Qc2 Nce5 25. N3h2 Ra3 26. Rb3 Rxb3 27. Qxb3 Ng4 28. Nxg4
Bxg4 29. Rb1 Be2 30. Be1 Ne5 31. Qb7 Nxd3 32. Qd5+ Qxd5 33. cxd5 Nxe1 34. Rxe1
d3 35. Rc1 Rxf1+ 36. Bxf1 d2 37. Rb1 d1=Q 38. Rxd1 Bxd1 39. Kf2 Be5 40. Bc4 Kg7
0-1

[Event "XXX Festival A"]
[Site "Arco ITA"]
[Date "2008.10.19"]
[Round "2"]
[White "Karl, Hans"]
[Black "Blasco, Domenico"]
[Result "1/2-1/2"]
[WhiteElo "2240"]
[BlackElo "2022"]
[PlyCount "93"]
[EventDate "2008.10.18"]

1. e4 g6 2. d4 Bg7 3. Nc3 d6 4. Nf3 a6 5. a4 b6 6. Bg5 h6 7. Be3 Nd7 8. Qd2 e6
9. Bd3 Ne7 10. O-O Bb7 11. h3 g5 12. Nh2 Ng6 13. Ne2 Nf6 14. Ng3 e5 15. d5 O-O
16. Be2 Nf4 17. Bg4 Nxe4 18. Nxe4 f5 19. Bf3 fxe4 20. Bxe4 Bc8 21. f3 Bf5 22.
Bxf5 Rxf5 23. Ng4 Rf8 24. Nf2 Qd7 25. Ne4 Kh8 26. c4 a5 27. b3 Rg8 28. Kh2 Raf8
29. Ra2 Bf6 30. Raa1 Bd8 31. Rf2 Qf5 32. Ng3 Qg6 33. Qc2 Qxc2 34. Rxc2 Kg7 35.
Rd1 Kg6 36. Ne4 Be7 37. Rf2 Bf6 38. g3 Nh5 39. Rdf1 Be7 40. Kg2 Rf7 41. f4 gxf4
42. gxf4 Kf5+ 43. Kf3 exf4 44. Bc1 Bh4 45. Re2 Nf6 46. Bxf4 Nxe4 47. Rxe4
1/2-1/2

[Event "XXX Festival A"]
[Site "Arco ITA"]
[Date "2008.10.19"]
[Round "2"]
[White "Kofler, Albin"]
[Black "Antoniacci, Riccardo"]
[Result "1/2-1/2"]
[WhiteElo "1724"]
[BlackElo "1893"]
[PlyCount "171"]
[EventDate "2008.10.18"]

1. d4 Nf6 2. c4 e6 3. Nf3 c5 4. Nc3 g6 5. e4 cxd4 6. Nxd4 d6 7. Be3 a6 8. Be2
Bg7 9. O-O O-O 10. Qd2 Nbd7 11. f4 Nc5 12. Bf3 e5 13. Nde2 Re8 14. Bxc5 dxc5
15. Qxd8 Rxd8 16. fxe5 Ng4 17. Rfd1 Be6 18. Bxg4 Bxg4 19. h3 Be6 20. Nd5 Bxe5
21. Rab1 g5 22. Rd2 Kg7 23. Rbd1 b5 24. b3 b4 25. Nb6 Rxd2 26. Rxd2 Ra7 27. Kf2
h5 28. Ng3 Bd4+ 29. Kf3 Kg6 30. Ne2 Be5 31. g4 a5 32. Ng3 hxg4+ 33. hxg4 f6 34.
Na4 Rc7 35. Nf5 Kf7 36. Rd3 Bd7 37. Nb6 Bc6 38. Rd8 Rb7 39. Nd5 Rb8 40. Nd6+
Bxd6 41. Rxd6 Bxd5 42. exd5 a4 43. Re6 axb3 44. axb3 Rh8 45. Re3 Kg6 46. Kg3
Rd8 47. Re7 Rd6 48. Rc7 Ra6 49. Re7 Ra1 50. d6 Rd1 51. d7 Rd3+ 52. Kf2 Rd6 53.
Ke3 f5 54. gxf5+ Kxf5 55. Kf3 Rd3+ 56. Ke2 Rd4 57. Ke3 Kf6 58. Rh7 Ke6 59. Rh5
Kf5 60. Rh7 Kg6 61. Re7 Kf5 62. Rf7+ Kg4 63. Re7 Kh3 64. Re5 g4 65. Rxc5 Rxd7
66. Rh5+ Kg2 67. Rb5 g3 68. Rxb4 Rg7 69. Ra4 Kh2 70. Ra2+ g2 71. b4 Ra7 72. Rc2
Kg3 73. Rc1 Ra3+ 74. Kd4 Rf3 75. Rg1 Rf4+ 76. Kc5 Rf5+ 77. Kb6 Rf6+ 78. Ka5 Rf2
79. Rxg2+ Kxg2 80. Kb5 Kf3 81. c5 Ke4 82. c6 Kd5 83. c7 Rf8 84. Kb6 Rg8 85. Kb7
Kc4 86. c8=Q+ 1/2-1/2

[Event "XXX Festival A"]
[Site "Arco ITA"]
[Date "2008.10.19"]
[Round "2"]
[White "Kopischke, Maik"]
[Black "Bortolotti, Silvano"]
[Result "1/2-1/2"]
[WhiteElo "1930"]
[BlackElo "1826"]
[PlyCount "54"]
[EventDate "2008.10.18"]

1. d4 d5 2. Nf3 Nf6 3. Bg5 e6 4. e3 h6 5. Bh4 a6 6. Bd3 c5 7. c3 Be7 8. Nbd2
Nc6 9. O-O O-O 10. Ne5 Nxe5 11. dxe5 Nd7 12. Bxe7 Qxe7 13. f4 b5 14. Rf3 f6 15.
exf6 Nxf6 16. Rg3 e5 17. fxe5 Qxe5 18. Be2 Bb7 19. a4 Bc6 20. axb5 axb5 21. Ra7
Rxa7 22. Qc1 Ne4 23. Nxe4 Qxe4 24. Rg4 Qe5 25. Rf4 Re8 26. Rf3 Qe4 27. Qf1 c4
1/2-1/2

[Event "XXX Festival A"]
[Site "Arco ITA"]
[Date "2008.10.19"]
[Round "2"]
[White "Lapiccirella, Daniele"]
[Black "Garonzi, Martino"]
[Result "1/2-1/2"]
[WhiteElo "2179"]
[BlackElo "2008"]
[PlyCount "71"]
[EventDate "2008.10.18"]

1. d4 Nf6 2. c4 d6 3. Nc3 g6 4. e4 Bg7 5. f3 O-O 6. Be3 e5 7. d5 Nh5 8. Nge2 f5
9. Qd2 Nd7 10. exf5 gxf5 11. O-O-O a5 12. g4 fxg4 13. fxg4 Nf4 14. Nxf4 exf4
15. Bxf4 Ne5 16. Be2 Bd7 17. Bg5 Qe8 18. Bh6 Qg6 19. Bxg7 Kxg7 20. h4 Nf3 21.
h5 Qg5 22. Qxg5+ Nxg5 23. Rdf1 h6 24. Kd2 Rae8 25. a3 Rxf1 26. Rxf1 c6 27. dxc6
bxc6 28. b4 axb4 29. axb4 Ne4+ 30. Nxe4 Rxe4 31. Kd3 d5 32. Ra1 Kf6 33. cxd5
cxd5 34. Ra6+ Ke5 35. Rb6 Bxg4 36. Bxg4 1/2-1/2

[Event "XXX Festival A"]
[Site "Arco ITA"]
[Date "2008.10.19"]
[Round "2"]
[White "Larino Nieto, David"]
[Black "Cardili, Mariano"]
[Result "1-0"]
[WhiteElo "2469"]
[BlackElo "2123"]
[PlyCount "43"]
[EventDate "2008.10.18"]

1. e4 c6 2. d4 d5 3. Nc3 dxe4 4. Nxe4 Bf5 5. Ng3 Bg6 6. Bc4 e6 7. N1e2 Bd6 8.
O-O Qc7 9. Re1 Nf6 10. Bd3 Nbd7 11. b3 O-O 12. Bb2 Rad8 13. c4 c5 14. Qc2 a6
15. Rac1 Rfe8 16. dxc5 Bxc5 17. Bxg6 hxg6 18. Nc3 Qf4 19. Nce4 Bb4 20. Re3 Nxe4
21. Nxe4 Nf6 22. Bxf6 1-0

[Event "XXX Festival A"]
[Site "Arco ITA"]
[Date "2008.10.19"]
[Round "2"]
[White "Ludovici, Roberto"]
[Black "Trauth, Michael"]
[Result "1/2-1/2"]
[WhiteElo "1843"]
[BlackElo "2165"]
[PlyCount "29"]
[EventDate "2008.10.18"]

1. d4 Nf6 2. Nf3 c5 3. e3 g6 4. Bc4 Bg7 5. O-O O-O 6. Nc3 d5 7. Be2 b6 8. b3
Bb7 9. Bb2 Nc6 10. dxc5 bxc5 11. Na4 Ne4 12. Bxg7 Kxg7 13. Nd2 Qa5 14. Nxe4
dxe4 15. Qd5 1/2-1/2

[Event "XXX Festival A"]
[Site "Arco ITA"]
[Date "2008.10.19"]
[Round "2"]
[White "Medancic, Rikard"]
[Black "Buratti, Marco"]
[Result "1-0"]
[WhiteElo "2225"]
[BlackElo "2017"]
[PlyCount "77"]
[EventDate "2008.10.18"]

1. d4 d5 2. Nf3 Nc6 3. Bg5 f6 4. Bh4 g5 5. Bg3 h5 6. h4 g4 7. Ng1 Nh6 8. e3 Nf5
9. Ne2 e6 10. c3 Qd7 11. Nd2 b6 12. Qa4 Nd8 13. Qxd7+ Kxd7 14. Bf4 Ba6 15. e4
Nd6 16. Ng3 Bxf1 17. Rxf1 N8f7 18. O-O-O Be7 19. Rh1 c6 20. Kc2 Rae8 21. a4 Nc8
22. a5 Bd8 23. axb6 Bxb6 24. exd5 cxd5 25. Be3 Ne7 26. b3 Ng6 27. Ra1 Rc8 28.
Ne2 Nd6 29. g3 Rc7 30. b4 Rhc8 31. Nb3 Ne4 32. Nc5+ Bxc5 33. dxc5 e5 34. Rhd1
Ke6 35. Ra6+ Kf5 36. Rxd5 Ne7 37. Nd4+ Kg6 38. Rxe5 Nxc5 39. Rg5+ 1-0

[Event "XXX Festival A"]
[Site "Arco ITA"]
[Date "2008.10.19"]
[Round "2"]
[White "Mombelli, Antonio"]
[Black "Wagner, Frank"]
[Result "0-1"]
[WhiteElo "1850"]
[BlackElo "1955"]
[PlyCount "100"]
[EventDate "2008.10.18"]

1. e4 c5 2. c3 d6 3. d4 cxd4 4. cxd4 g6 5. Bc4 Bg7 6. Nf3 e6 7. Nc3 Ne7 8. O-O
O-O 9. Bg5 Nbc6 10. Rc1 Na5 11. Bd3 f6 12. Be3 Bd7 13. d5 exd5 14. exd5 b6 15.
Bf4 Nb7 16. b4 Rc8 17. Ba6 f5 18. Bxb7 Rxc3 19. Bxd6 Rxc1 20. Qxc1 Bb5 21. Bxe7
Qxe7 22. Bc6 Bxf1 23. Qxf1 Qxb4 24. Qe2 Qb1+ 25. Ne1 Bc3 26. Qe6+ Kh8 27. Kf1
Qxe1+ 28. Qxe1 Bxe1 29. Kxe1 Rd8 30. Kd2 Kg7 31. Ke3 Kf6 32. f4 h6 33. h3 Ke7
34. Kd4 Kd6 35. Kc4 Rf8 36. Kb5 Rf7 37. Ka6 Re7 38. a4 g5 39. Bb7 Re4 40. Bc6
Rxf4 41. Kxa7 Kc7 42. Ka6 Rf2 43. Bb7 Rd2 44. Ba8 h5 45. Kb5 g4 46. hxg4 fxg4
47. Kc4 Kd6 48. Kb5 Rb2+ 49. Ka6 h4 50. Bc6 h3 0-1

[Event "XXX Festival A"]
[Site "Arco ITA"]
[Date "2008.10.19"]
[Round "2"]
[White "Moncelli, Giorgio"]
[Black "Arakhamia-Grant, Ketevan"]
[Result "0-1"]
[WhiteElo "2110"]
[BlackElo "2448"]
[PlyCount "62"]
[EventDate "2008.10.18"]

1. e4 c5 2. Nf3 e6 3. d4 cxd4 4. Nxd4 Nc6 5. Nb5 d6 6. c4 Nf6 7. N1c3 a6 8. Na3
b6 9. Be2 Bb7 10. O-O Nb8 11. f3 Nbd7 12. Be3 Qc7 13. Qd2 Be7 14. Rfd1 O-O 15.
Rac1 Rac8 16. Qe1 Qb8 17. Nab1 Rfe8 18. Qf2 Bc6 19. g4 h6 20. Nd2 b5 21. Nb3 b4
22. Nb1 Ne5 23. N1d2 d5 24. cxd5 exd5 25. Nd4 Bb7 26. Rxc8 Qxc8 27. Qg3 dxe4
28. Qxe5 exf3 29. Nf5 fxe2 30. Re1 Qc6 31. Qg3 Nxg4 0-1

[Event "XXX Festival A"]
[Site "Arco ITA"]
[Date "2008.10.19"]
[Round "2"]
[White "Moratto, Davide"]
[Black "Pivovarov, Michail"]
[Result "1-0"]
[WhiteElo "1860"]
[BlackElo "1963"]
[PlyCount "69"]
[EventDate "2008.10.18"]

1. e4 c6 2. d4 d5 3. Nc3 g6 4. e5 Bg7 5. Be2 c5 6. f4 Nc6 7. Nf3 Bg4 8. Be3
cxd4 9. Nxd4 Bxe2 10. Ncxe2 e6 11. c3 a6 12. Nxc6 bxc6 13. Qa4 Qd7 14. Bc5 f6
15. Qd4 fxe5 16. fxe5 Ne7 17. O-O Nf5 18. Qf4 Rb8 19. b4 a5 20. a3 Rb7 21. g4
Nh6 22. Nd4 Nf7 23. Rae1 Bh6 24. Qf6 Rg8 25. Nxe6 Ng5 26. Nxg5 Qxg4+ 27. Kh1
Bxg5 28. Qxc6+ Qd7 29. Qa6 axb4 30. axb4 Be7 31. e6 Qb5 32. Qa8+ Rb8 33. Qxd5
Rd8 34. Qf3 Rg7 35. Qf8+ 1-0

[Event "XXX Festival A"]
[Site "Arco ITA"]
[Date "2008.10.19"]
[Round "2"]
[White "Niccoli, Paolo"]
[Black "Fragni, Enrico"]
[Result "1-0"]
[WhiteElo "1898"]
[BlackElo "1784"]
[PlyCount "65"]
[EventDate "2008.10.18"]

1. e4 c5 2. Nf3 d6 3. d4 cxd4 4. Nxd4 e6 5. Nc3 a6 6. Bc4 Nf6 7. Qe2 Qc7 8. Bb3
Nc6 9. Be3 Na5 10. O-O-O Be7 11. g4 h6 12. h4 Nxb3+ 13. axb3 Bd7 14. g5 Ng8 15.
g6 fxg6 16. Qg4 O-O-O 17. Nxe6 Bf6 18. Nd5 Qc6 19. Nb6+ Kb8 20. Nxd8 Bxg4 21.
Nxc6+ bxc6 22. Rxd6 Kc7 23. Nc4 Bf3 24. Re1 Bxh4 25. Bf4 Bg5 26. Bxg5 hxg5 27.
Rxg6 Nf6 28. Rxg7+ Kb8 29. e5 Ne4 30. e6 Re8 31. e7 g4 32. Rxe4 Bxe4 33. Nd6
1-0

[Event "XXX Festival A"]
[Site "Arco ITA"]
[Date "2008.10.19"]
[Round "2"]
[White "Orlandi, Stefano"]
[Black "Weinberg, Emanuele"]
[Result "1-0"]
[WhiteElo "1965"]
[BlackElo "1861"]
[PlyCount "125"]
[EventDate "2008.10.18"]

1. e4 Nf6 2. e5 Nd5 3. d4 d6 4. f4 dxe5 5. fxe5 Bf5 6. c3 e6 7. Nf3 Be7 8. Bd3
Bxd3 9. Qxd3 Nd7 10. O-O O-O 11. Nbd2 c5 12. Ne4 cxd4 13. cxd4 N7b6 14. a3 Rc8
15. Bg5 Nc4 16. Bxe7 Nxe7 17. b3 Nb6 18. Nfg5 Ng6 19. h4 h6 20. h5 hxg5 21.
hxg6 fxg6 22. Nd6 Rc7 23. Rxf8+ Qxf8 24. Rf1 Qd8 25. Qxg6 Re7 26. Rf7 Rxf7 27.
Qxf7+ Kh7 28. Qxe6 Qc7 29. Qf5+ Kg8 30. Qxg5 Nd5 31. Qd2 b6 32. Nb5 Qd7 33. Nc3
Nxc3 34. Qxc3 Qf5 35. d5 Qb1+ 36. Kf2 Qf5+ 37. Ke3 Qg5+ 38. Kd3 Qxg2 39. Qd4
Qf3+ 40. Kc4 Qe2+ 41. Kc3 Qe1+ 42. Kd3 Qb1+ 43. Kc4 Qc2+ 44. Kb4 a5+ 45. Ka4
b5+ 46. Kxb5 Qxb3+ 47. Kxa5 Qxa3+ 48. Kb5 Qb3+ 49. Kc6 Qc2+ 50. Kd6 Qg6+ 51. e6
Qg3+ 52. Kd7 Qb8 53. Qc5 Qb7+ 54. Kd6 Qa6+ 55. Qc6 Qa3+ 56. Kd7 Qa7+ 57. Qc7
Qa4+ 58. Ke7 Qh4+ 59. Ke8 Qa4+ 60. Qc6 Qb4 61. d6 Qb8+ 62. Kd7 Qa7+ 63. Kc8 1-0

[Event "XXX Festival A"]
[Site "Arco ITA"]
[Date "2008.10.19"]
[Round "2"]
[White "Perich, Stefano"]
[Black "Roversi, Stefano"]
[Result "0-1"]
[WhiteElo "1960"]
[BlackElo "1839"]
[PlyCount "56"]
[EventDate "2008.10.18"]

1. d4 Nf6 2. Bf4 g6 3. Nf3 Bg7 4. e3 c5 5. c3 cxd4 6. cxd4 Nc6 7. h3 d6 8. Nc3
O-O 9. Be2 Qb6 10. Qd2 Bf5 11. g4 Ne4 12. Nxe4 Bxe4 13. O-O e5 14. Ng5 d5 15.
Nxe4 dxe4 16. dxe5 Nxe5 17. Bxe5 Bxe5 18. Rac1 Rad8 19. Qc2 Qe6 20. Qc4 Qe7 21.
Kg2 Rd2 22. Rc2 Rxc2 23. Qxc2 f5 24. Bc4+ Kh8 25. b3 Qh4 26. Qe2 f4 27. exf4
Rxf4 28. Be6 Rf3 0-1

[Event "XXX Festival A"]
[Site "Arco ITA"]
[Date "2008.10.19"]
[Round "2"]
[White "Piccoli, Vincenzo"]
[Black "Galas, Franco"]
[Result "1-0"]
[WhiteElo "1972"]
[BlackElo "1541"]
[PlyCount "99"]
[EventDate "2008.10.18"]

1. e4 d6 2. d4 e6 3. Nc3 g6 4. Be3 Bg7 5. f4 Ne7 6. Qd2 b6 7. Nf3 d5 8. Bd3 c6
9. O-O-O b5 10. h4 h5 11. Ne5 f6 12. Nf3 a5 13. Rdg1 a4 14. g4 b4 15. Ne2 b3
16. a3 bxc2 17. gxh5 dxe4 18. Bxe4 f5 19. Bxc2 Qd5 20. Ng5 Rxh5 21. Nc3 Qd8 22.
Bxa4 Na6 23. Bd1 Rh8 24. h5 Nd5 25. Bf2 Nab4 26. axb4 Nxb4 27. Qe3 Ra1+ 28. Kd2
Qd6 29. Re1 Ke7 30. Bh4 Bf6 31. hxg6 Nd5 32. Nxd5+ cxd5 33. Nh7 Bxh4 34. Rxh4
Ra2 35. Qb3 Ra8 36. Bc2 Rb8 37. Qa3 Qb4+ 38. Qxb4+ Rxb4 39. Bxf5 Rxd4+ 40. Kc1
Bd7 41. Bc2 Ra8 42. Ng5 Ra1+ 43. Bb1 Rc4+ 44. Kd2 Rd4+ 45. Ke3 Rb4 46. g7 Rb3+
47. Kf2 Rxb2+ 48. Kg1 Rb3 49. g8=Q Rg3+ 50. Kf2 1-0

[Event "XXX Festival A"]
[Site "Arco ITA"]
[Date "2008.10.19"]
[Round "2"]
[White "Prelati, Maurizio"]
[Black "Llaneza Vega, Marcos"]
[Result "0-1"]
[WhiteElo "2135"]
[BlackElo "2485"]
[PlyCount "56"]
[EventDate "2008.10.18"]

1. e4 c5 2. Nc3 a6 3. g3 b5 4. Bg2 Bb7 5. d3 e6 6. Qe2 Be7 7. f4 d5 8. Nf3 Nf6
9. e5 Nfd7 10. O-O O-O 11. b3 Nc6 12. Bb2 Qc7 13. Rae1 Rac8 14. Nd1 d4 15. Nf2
Nb4 16. a3 Nd5 17. Nd1 Qb6 18. c4 dxc3 19. Nxc3 c4+ 20. Kh1 Nxc3 21. Bxc3 cxb3
22. Bb4 Bxb4 23. axb4 Rc2 24. Qd1 Rfc8 25. Re2 Qc7 26. Ne1 Bxg2+ 27. Kxg2 Rxe2+
28. Qxe2 Qc3 0-1

[Event "XXX Festival A"]
[Site "Arco ITA"]
[Date "2008.10.19"]
[Round "2"]
[White "Ricci, Alfredo"]
[Black "Ager, Josef"]
[Result "0-1"]
[WhiteElo "2020"]
[BlackElo "2231"]
[PlyCount "150"]
[EventDate "2008.10.18"]

1. e4 Nf6 2. Nc3 d5 3. exd5 Nxd5 4. Bc4 c6 5. Qf3 e6 6. d4 Nd7 7. Nge2 Qf6 8.
Qg3 Qg6 9. O-O Qxg3 10. hxg3 Be7 11. Re1 N7b6 12. Bb3 O-O 13. Nf4 Bf6 14. Nce2
g6 15. Nd3 Nd7 16. c4 Ne7 17. f4 h5 18. Be3 Nf5 19. Bf2 Rd8 20. Rad1 b6 21. Ne5
Bb7 22. Nc3 Bg7 23. Ne4 Nf6 24. Ng5 Nh6 25. Rd2 Nfg4 26. c5 Bxe5 27. fxe5 bxc5
28. Ne4 Nxf2 29. Kxf2 Rxd4 30. Rc2 Rad8 31. Nxc5 Bc8 32. Ree2 Nf5 33. Ba4 Ne7
34. Re4 Kg7 35. Ke3 Nf5+ 36. Kf2 Rd2+ 37. Re2 Rd1 38. Rc3 Rh1 39. b4 Nh6 40.
Kf3 Rd4 41. a3 Ng4 42. Re4 Rxe4 43. Nxe4 Nxe5+ 44. Kf4 f6 45. Bxc6 Re1 46. g4
g5+ 47. Kg3 h4+ 48. Kh2 Nxg4+ 49. Kh3 e5 50. g3 Nf2+ 51. Kg2 Nxe4 52. Bxe4 h3+
53. Kf2 Rxe4 54. Rxc8 h2 55. Kg2 Re2+ 56. Kh1 Kg6 57. g4 Ra2 58. Rc3 a6 59. Rd3
Kf7 60. Rd6 Rxa3 61. Kxh2 a5 62. bxa5 Rxa5 63. Rb6 Ra4 64. Kg3 Rf4 65. Ra6 e4
66. Ra7+ Ke6 67. Ra6+ Kd5 68. Ra5+ Kc4 69. Ra4+ Kb5 70. Ra8 Rf3+ 71. Kg2 Kc4
72. Rd8 Rf4 73. Kg3 e3 74. Re8 Kd3 75. Re7 e2 0-1

[Event "XXX Festival A"]
[Site "Arco ITA"]
[Date "2008.10.19"]
[Round "2"]
[White "Salati, Paolo"]
[Black "Giuriato, Sergio"]
[Result "1-0"]
[WhiteElo "1866"]
[BlackElo "1967"]
[PlyCount "85"]
[EventDate "2008.10.18"]

1. e4 Nc6 2. d4 d5 3. e5 Bf5 4. Nf3 e6 5. Bb5 a6 6. Bd3 Bxd3 7. Qxd3 Nge7 8.
Bg5 Qd7 9. Nbd2 h6 10. Bh4 Nf5 11. c3 Nxh4 12. Nxh4 Be7 13. Qg3 O-O 14. O-O Qd8
15. Nhf3 Na5 16. b4 Nc4 17. Nxc4 dxc4 18. Nd2 Qd5 19. f4 Rad8 20. a3 c5 21. Nf3
cxd4 22. Nxd4 f5 23. Qg6 Rf7 24. Nxe6 Rd7 25. Nd4 Rd8 26. Rad1 Qe4 27. Rde1 Qd3
28. Rf3 Qd2 29. Kf1 Rxd4 30. cxd4 c3 31. e6 Rf8 32. Qg3 Rc8 33. Qf2 Bf6 34.
Qxd2 cxd2 35. Rd1 Rc1 36. Ke2 Bxd4 37. Rxd2 Bf6 38. Re3 Rc7 39. Rd7 Rxd7 40.
exd7 Kf7 41. Re8 g5 42. fxg5 hxg5 43. d8=Q 1-0

[Event "XXX Festival A"]
[Site "Arco ITA"]
[Date "2008.10.19"]
[Round "2"]
[White "Savarese, Vincenzo"]
[Black "Pipitone, Antonio"]
[Result "0-1"]
[WhiteElo "1821"]
[BlackElo "1997"]
[PlyCount "92"]
[EventDate "2008.10.18"]

1. e4 c5 2. Nf3 d6 3. c3 Nf6 4. Be2 Nc6 5. d4 cxd4 6. cxd4 e6 7. Nc3 Be7 8. O-O
O-O 9. Bf4 a6 10. Rc1 d5 11. e5 Nh5 12. Be3 g6 13. Qd2 Ng7 14. Bh6 f6 15. Rfe1
Rf7 16. g4 fxe5 17. dxe5 Qf8 18. Nxd5 exd5 19. Qxd5 Be6 20. Bxg7 Bxd5 21. Bxf8
Raxf8 22. Nd2 Rxf2 23. Ne4 Bxe4 24. Bc4+ Kg7 25. Rxe4 Rxb2 26. Bb3 Rff2 27. e6
Rg2+ 28. Kh1 Rxh2+ 29. Kg1 Rbg2+ 30. Kf1 Rh1+ 31. Kxg2 Rxc1 32. Rf4 Ne5 33. Re4
Rc5 34. Kf2 b5 35. Ke3 Nc4+ 36. Kd4 Nd2 37. Rf4 Nxb3+ 38. axb3 Rc7 39. Rf7+ Kg8
40. b4 Rc4+ 41. Kd5 Bxb4 42. Ra7 Rxg4 43. Rxa6 h5 44. Kc6 Rg5 45. Kd7 Rd5+ 46.
Kc8 h4 0-1

[Event "XXX Festival A"]
[Site "Arco ITA"]
[Date "2008.10.19"]
[Round "2"]
[White "Sigillo, Carmelo"]
[Black "Paggiaro, Luca"]
[Result "1/2-1/2"]
[WhiteElo "1751"]
[BlackElo "2049"]
[PlyCount "105"]
[EventDate "2008.10.18"]

1. e4 e5 2. Nf3 d6 3. d4 exd4 4. Nxd4 Nf6 5. Nc3 a6 6. Be2 Be7 7. O-O O-O 8. f4
c5 9. Nb3 Nc6 10. Bf3 Qc7 11. Be3 Be6 12. Nd5 Bxd5 13. exd5 Na5 14. Nxa5 Qxa5
15. Qd3 Rfe8 16. Bd2 Qc7 17. c4 Nd7 18. Be4 Nf6 19. Bf3 b5 20. b3 b4 21. g4 Nd7
22. g5 Qd8 23. Be4 Nf8 24. h4 g6 25. f5 Qc8 26. Qg3 Ra7 27. h5 Bf6 28. hxg6
Bd4+ 29. Be3 Rxe4 30. gxh7+ Nxh7 31. Bxd4 Rxd4 32. g6 fxg6 33. Qxd6 Rg7 34.
Qe6+ Qxe6 35. fxe6 Re7 36. Rf2 Kg7 37. Raf1 Ng5 38. Kh1 Re8 39. Rh2 a5 40. Rff2
Rd1+ 41. Kg2 Re7 42. Rh4 Rd3 43. Rg4 Nh7 44. Rgf4 Ng5 45. Rg4 Nh7 46. Rgf4 g5
47. Rf7+ Rxf7 48. Rxf7+ Kg6 49. Rxh7 Kxh7 50. e7 Re3 51. d6 Kg6 52. d7 Rxe7 53.
d8=Q 1/2-1/2

[Event "XXX Festival A"]
[Site "Arco ITA"]
[Date "2008.10.19"]
[Round "2"]
[White "Sigmund, Ingenuin"]
[Black "Moro, Roberto"]
[Result "1-0"]
[WhiteElo "1676"]
[BlackElo "1866"]
[PlyCount "79"]
[EventDate "2008.10.18"]

1. e4 c5 2. Nc3 e5 3. Bc4 Nf6 4. d3 Nc6 5. a4 a5 6. Nge2 Be7 7. O-O d6 8. f4
Bg4 9. h3 Bxe2 10. Nxe2 Qd7 11. c3 h6 12. Qe1 Rf8 13. Bd2 exf4 14. Nxf4 O-O-O
15. b4 cxb4 16. cxb4 d5 17. Nxd5 Nxd5 18. Bxd5 Nxb4 19. Bxb4 Bxb4 20. Qg3 Qd6
21. Qxg7 Rd7 22. Rac1+ Kb8 23. Qf6 Bc5+ 24. Kh1 Qxf6 25. Rxf6 Bd4 26. Rf5 b6
27. Rc6 f6 28. g4 Rc7 29. Rc4 Rxc4 30. Bxc4 Kc7 31. Kg2 Be5 32. Kf3 Kd6 33. Ke3
Bg3 34. d4 Bh4 35. e5+ Ke7 36. e6 Kd6 37. Rd5+ Kc6 38. Ke4 Bg5 39. Bb5+ Kc7 40.
Rd7+ 1-0